Countries Who Are Best at Science - Statistics

General Stats
  • This quiz has been taken 27 times
  • The average score is 15 of 20
Answer Stats
Answer % Correct
Japan
96%
United States
96%
United Kingdom
92%
Canada
88%
Germany
85%
South Korea
85%
Australia
81%
Switzerland
81%
Denmark
73%
Sweden
73%
Finland
69%
Ireland
69%
Singapore
69%
New Zealand
65%
Poland
65%
Czech Republic
62%
Taiwan
58%
Estonia
54%
Latvia
50%
Slovenia
38%
No matching quizzes found
Score Distribution
Percent of People with Each Score
Percentile by Number Answered
Your Score History
You have not taken this quiz